Fathers and sons

Bibliographic Details
Main Author: TURGENEV 1818-1883
Other Authors: Guerney
Format: Book
Published: New York : The Modern Library , 1961
Series:Modern Library College editions
Subjects:

MARC

LEADER 00000cam a2200000 7i4500
001 0000001831
005 20020206.0
020 0 0 |a 007553634X 
090 0 0 |a 891.7   |b TUR 1961 
100 1 0 |a TURGENEV   |h Ivan Sergeevich   |c 1818-1883 
245 1 0 |a Fathers and sons   |c by Ivan S. Turgenev   |c translated from Russian by Bernard Guilbert Guerney 
260 0 0 |a New York :   |b The Modern Library ,   |c 1961 
300 |a xxxv, 281 p. ;   |c 19 cm. 
440 0 0 |a Modern Library College editions 
650 0 0 |a English fiction 
650 0 0 |a Russian fiction   |x Translations into English 
700 0 1 |a Guerney   |h Bernard Guilbert 
998 |a JPSM 
999 |a 0000000376   |b Monograph   |c Open Shelf   |e Default branch